| 000 | 00568nam a2200193 u 4500 | ||
|---|---|---|---|
| 005 | 20240228063920.0 | ||
| 008 | 080408s2006 r 000 0 eng d | ||
| 020 | _a8481315966 (10 dígitos) | ||
| 020 | _a9788481315967 (13 dígitos) | ||
| 035 | _aUPN01000155321 | ||
| 049 | _aI | ||
| 050 | 4 |
_aPZ71 _bJ8.2 |
|
| 100 | 1 |
_aOrtega, Juan _938896 |
|
| 245 | 1 | 1 |
_a¡Nos mezclamos! / _ctexto e il. JuanolO. |
| 260 |
_aValencia, Esp. : _bTandem, _c2006. |
||
| 300 |
_a[26] p. : _bprincipalmente il. col |
||
| 650 | 4 |
_aLibros y lectura para niños _92290 |
|
| 905 | _aInfantil | ||
| 999 |
_c127436 _d127436 |
||